| 000 | 00549nam a22001817a 4500 | ||
|---|---|---|---|
| 005 | 20251108164049.0 | ||
| 008 | 250721s1991 xx 000 0 ara d | ||
| 082 | 1 | 4 | _aم/956.003/عبو |
| 100 | 1 | _aعبودي، هنري س | |
| 245 | 1 | 0 | _aمعجم الحضارات السامية / |
| 250 | _aط2.، مزيدة و منقحة | ||
| 264 | 1 |
_aطرابلس (لبنان) : _bجوس برس، _c1991. |
|
| 300 | _a1042ص | ||
| 650 | 1 | 7 | _aمعاجم المصطلحات |
| 650 | 1 | 7 | _aالحضارات القديمة |
| 942 |
_2ddc _cREF |
||
| 999 |
_c2676 _d2676 |
||